LIBRARY ONLINE CATALOGUE

World Population and Human Capital in the Twenty-first century (Record no. 18311)

MARC details
000 -LEADER
fixed length control field 00403nam a22001217a 4500
008 - FIXED-LENGTH DATA ELEMENTS--GENERAL INFORMATION
fixed length control field 200720b xxu||||| |||| 00| 0 eng d
020 ## - INTERNATIONAL STANDARD BOOK NUMBER
International Standard Book Number 0198813422
050 ## - LIBRARY OF CONGRESS CALL NUMBER
Classification number HB849.53
Item number .W67 2014 c.1
245 ## - TITLE STATEMENT
Title World Population and Human Capital in the Twenty-first century
Remainder of title An Overview
Statement of responsibility, etc. Edited by Wolfgang Lutz, Wiiliam P. Butz, & Samir KC
260 ## - PUBLICATION, DISTRIBUTION, ETC. (IMPRINT)
Place of publication, distribution, etc. UK
Name of publisher, distributor, etc. OUP
Date of publication, distribution, etc. 2014
300 ## - PHYSICAL DESCRIPTION
Extent xv, 714p.
942 ## - ADDED ENTRY ELEMENTS (KOHA)
Source of classification or shelving scheme Library of Congress Classification
Koha item type General Collection
Holdings
Withdrawn status Lost status Source of classification or shelving scheme Not for loan Home library Current library Date acquired Cost, normal purchase price Total Checkouts Full call number Barcode Date last seen Price effective from Koha item type
    Library of Congress Classification   Kabarak, Main Campus Kabarak, Main Campus 20/07/2020 4472.00   HB849.53 .W67 2014 c.1 028776 02/08/2024 20/07/2020 General Collection
    Library of Congress Classification   Kabarak, Main Campus Kabarak, Main Campus 20/07/2020 4472.00   HB849.53 .W67 2014 c.2 028799 02/08/2024 20/07/2020 General Collection
    Library of Congress Classification   Kabarak, Main Campus Kabarak, Main Campus 20/07/2020 4472.00   HB849.53 .W67 2014 c.3 028800 02/08/2024 20/07/2020 General Collection